| 000 | 00674cam a2200253 4500 | ||
|---|---|---|---|
| 001 | J3501 | ||
| 008 | 090401t1996 xxu||||| |||| 00| 0 eng d | ||
| 035 | _a(Sirsi) u55433 | ||
| 041 | _aeng | ||
| 050 | _a333.33709421 | ||
| 110 |
_aWeatherall Green and Smith _92055 |
||
| 245 | 4 | _aThe London office market. - Winter 1995/96 - Spring 1996 | |
| 260 |
_aLondon _bWeatherall Green and Smith _c1996 |
||
| 300 | _a2 pt. ; 30cm. | ||
| 350 | _a0 | ||
| 650 | _aCITY OF LONDON | ||
| 650 | _aDOCKLANDS | ||
| 650 | _aFLOORSPACE STATISTICS | ||
| 650 | _aRENT | ||
| 650 | _aWEST END OF LONDON | ||
| 690 | _aPROPERTY-COMMERCIAL PROPERTY | ||
| 942 | _n0 | ||
| 948 | _c04/03/1997 | ||
| 999 |
_c93607 _d93607 |
||